书目信息 |
| 题名: |
契诃夫文集
|
|
| 作者: | 契诃夫 , Чехов 著 ;汝龙 译 | |
| 分册: | 第一卷 | |
| 出版信息: | 上海 上海译文出版社 1980 |
|
| 页数: | 540页 | |
| 开本: | 21cm | |
| 丛书名: | ||
| 单 册: | ||
| 中图分类: | I512.44 , I512.11 | |
| 科图分类: | ||
| 主题词: | 长篇小说--苏联--近代--选集 | |
| 电子资源: | ||
| ISBN: | ||
| 000 | 00910nam0 2200277 450 | |
| 001 | 1574993434 | |
| 005 | 20150120205120.67 | |
| 010 | @dCNY1.75 | |
| 091 | @a10188.129 | |
| 100 | @a19950817d1980 em y0chiy0110 ea | |
| 101 | 1 | @achi@crus |
| 102 | @aCN@b310000 | |
| 105 | @af z 000ay | |
| 200 | 1 | @a契诃夫文集@9qi he fu wen ji@h第一卷@f(俄)契诃夫(А.П.Чехов)著@g汝龙译 |
| 210 | @a上海@c上海译文出版社@d1980 | |
| 215 | @a540页@c照片@d21cm | |
| 300 | @a书名原文:Собрание сочинений том2-3 | |
| 510 | 1 | @aСобрание сочинений том2-3@zrus |
| 606 | 0 | @a长篇小说@y苏联@z近代@x选集 |
| 690 | @aI512.44@v5 | |
| 690 | @aI512.11@v4 | |
| 701 | 1 | @c(俄)@a契诃夫@9qi he fu@c(Чехов, Антон Павлович@f1860~1904)@4著 |
| 701 | 1 | @aЧехов@bА.П.@4著 |
| 702 | 0 | @a汝龙@9ru long@4译 |
| 801 | 0 | @aCN@bTSSF@c20150120 |
| 905 | @aZUCC@dI512.11@eJY2:1 | |
| 契诃夫文集.第一卷/(俄)契诃夫(А.П.Чехов)著/汝龙译.-上海:上海译文出版社,1980 |
| 540页:照片;21cm |
| 书名原文:Собрание сочинений том2-3 |
| ISBN :CNY1.75 |
| ● |
| 相关链接 |
|
|
|
|
正题名:契诃夫文集
索取号:I512.11/JY2:1
 
预约/预借
| 序号 | 登录号 | 条形码 | 馆藏地/架位号 | 状态 | 备注 |
| 1 | 7849553 | 278495530 | 学院路分馆/ [索取号:I512.11/JY2:1] | 在馆 | |
| 2 | 7849554 | 278495549 | 学院路分馆/ [索取号:I512.11/JY2:1] | 在馆 | |
| 3 | 7849555 | 278495558 | 学院路分馆/ [索取号:I512.11/JY2:1] | 在馆 | |
| 4 | 7849556 | 278495567 | 学院路分馆/ [索取号:I512.11/JY2:1] | 在馆 |